| 000 | 00960nam a2200253Ia 4500 | ||
|---|---|---|---|
| 008 | 250715s2025 sp 000 0 spa d | ||
| 041 | _aspa | ||
| 245 | 0 | 0 | _aUnai Sordo continuará al frente de CCOO al ser reelegido por amplia mayoría |
| 260 |
_aMadrid : _bConfederación Sindical de Comisiones Obreras, _c2025 |
||
| 300 |
_a3 p. ; _c30 cm |
||
| 500 | _aSe detalla la composición de la nueva Ejecutiva Confederal | ||
| 650 |
_aCCOO _960 |
||
| 650 | 0 |
_aSINDICATO _9208 |
|
| 650 | 0 |
_aSINDICALISMO _9189 |
|
| 650 |
_aCONFERENCIA _9311 |
||
| 650 |
_aDOCUMENTO DE CONFERENCIA _9310 |
||
| 650 | 0 |
_aESTRUCTURA SINDICAL _91855 |
|
| 650 | 0 |
_aLIDERAZGO _92156 |
|
| 650 | 0 |
_aFUNCIONARIO SINDICAL _91515 |
|
| 710 | 2 |
_aCCOO _bConfederación Sindical _bCongreso _n13º _d2025 _cMadrid _938954 |
|
| 710 | 2 |
_aCCOO _bConfederación Sindical _927927 |
|
| 856 |
_zPDF _uhttps://docpublicos.ccoo.es/cendoc/071684EjecutivaConfederal13Congreso.pdf |
||
| 942 |
_cDOCU_ELEC _2ddc _n0 |
||
| 999 |
_c62786 _d62786 |
||